000 00617nam a2200229Ia 4500
003 OSt
005 20220928120856.0
006 a|||||r|||| 00| 0
007 ta
008 220927b |||||||| |||| 00| 0 eng d
024 _a74421
037 _cTextual
040 _aSDCL
_cSDCL
_beng
041 _2eng
_aeng
082 _aB32, J7
100 _aApostol T M
_9451314
245 0 _aMathematical analysis
_bA modern approach to advanced calculus
260 _aLondon
_bAddison-Wesley Pub
_c1957
300 _axii,559p
_ccm.
942 _hB32, J7
_cTEXL
_2CC
999 _c765390
_d765390